بدائع الزهور في دفائع الدهور : ادب، تاريخ قصص - فكاهة

Bibliographic Details
Main Author: ابن اياس (Author)
Format: Book
Published: [s.l.] : Dar al-Fikr , [19--]
Subjects:

MARC

LEADER 00000cam a2200000 7i4500
001 0000006859
005 20221110093000.0
008 021119n
090 0 0 |a DT96   |b .I24 
100 0 |a ابن اياس ,   |e author 
241 0 0 |a Bada`i al-zuhur fi difa`i al-duhur 
245 1 0 |a بدائع الزهور في دفائع الدهور :   |b ادب، تاريخ قصص - فكاهة   |c محمد بن احمد بن اياس 
260 2 |a [s.l.] :   |b Dar al-Fikr ,   |c [19--] 
300 |a 197 p. ;   |c 24 cm. 
651 0 |a Egypt   |x History   |y 1250-1517   |v Early works to 1800 
999 |a 1000044379   |b Book   |c OPEN SHELF (30 DAYS)   |e Gong Badak Campus